Chémia a manažment tuhých odpadov Leonardo da Vinci Programme, Projekt č. SK/99/1/084125/PI/I.1.1.a/FPI - Tvorba vzdelávacích modulov pre špecializáciu Ekochémia

Bibliographic Details
Main Author: Tölgyessy, Juraj, 1931-2014 (Author)
Format: Book
Language:Slovak
PhysicalDescription:158 strán ilustrácie, schémy, tabuľky 25 cm
Published: Banská Bystrica Univerzita Mateja Bela 2001
ISBN:808878431X
Edition:1. vyd.
Subjects:

MARC

LEADER 00000cam a2200000 a 4500
001 vtls001471401
003 SK-MaSNL
005 20260302002812.0
008 240226s2001 xo al frn 000 0 slo
015 |a SNBA2004/05-01732 
020 |a 808878431X  |q (brožované) 
035 |a SNK000426704 
035 |a urn:nbn:sk:snk-am3j2dc 
035 |a 81605116-50E4-4510-A2AF-5992083F04CE 
035 |a urn:nbn:sk:snk-am00gfq2 
040 |a SNK  |b slo  |c SNK  |e AACR2 
041 0 |a slo 
043 |a e-xo--- 
044 |a xo  |c SK 
072 7 |a 628  |x Zdravotná technika. Úprava vody. Odpadové hospodárstvo. Svetelná technika  |2 konspekt 
072 7 |a 502  |x Ochrana životného prostredia  |2 konspekt 
080 |a 628.47  |2 2011 
080 |a 628.477.6  |2 2011 
080 |a 502:54  |2 2011 
080 |a 502/504  |2 2011 
080 |a (048.8)  |2 2011 
080 |a (083.94)  |2 2011 
245 0 0 |a Chémia a manažment tuhých odpadov  |b Leonardo da Vinci Programme, Projekt č. SK/99/1/084125/PI/I.1.1.a/FPI - Tvorba vzdelávacích modulov pre špecializáciu Ekochémia  |c Juraj Tölgyessy ... [et al.] 
250 |a 1. vyd. 
260 |a Banská Bystrica  |b Univerzita Mateja Bela  |c 2001 
300 |a 158 strán  |b ilustrácie, schémy, tabuľky  |c 25 cm 
500 |a Vydala Pedagogická spoločnosť Jána Amosa Komenského, Banská Bystrica 
504 |a Bibliografia na strane 157-158 
610 2 7 |a Leonardo da Vinci (vzdelávací program)  |2 SNKKA  |9 30211 
650 0 7 |a odpady  |2 SNKPH  |9 300278 
650 0 7 |a odpadové hospodárstvo  |2 SNKPH  |9 3603 
650 0 7 |a spracovanie komunálneho odpadu  |2 SNKPH  |9 319511 
650 0 7 |a recyklácia odpadu  |2 SNKPH  |9 29450 
650 0 7 |a spaľovanie odpadu  |2 SNKPH  |9 31174 
650 0 7 |a environmentálna chémia  |2 SNKPH  |9 67581 
650 0 7 |a environmentálne aspekty  |2 SNKPH  |9 3840 
655 7 |a štúdie  |2 SNKPH  |9 57033 
655 7 |a projekty  |2 SNKPH  |9 70560 
700 1 |a Tölgyessy, Juraj,  |d 1931-2014  |4 aut  |9 212932 
710 2 |a Pedagogická spoločnosť Jána Amosa Komenského Banská Bystrica  |4 pbl  |9 66533 
919 |a 80-88784-31-X 
958 |a TL 
958 |a NB 
958 |a OND 
999 |c 989431  |d 991361 
952 |t P60, <03>, [BOOK], {603}  |a SNK  |b SNK  |y PREZ  |7 0  |p 17A0422628  |o snkSC 115217  |i snkKSP 4170/2004  |0 0  |1 0  |4 0  |d 2004-03-19  |f 1  |l 0  |r 2025-10-03 00:00:00  |w 2026-02-24 
952 |t P60, <04>, [BOOK], {604}  |a SNK  |b SNK  |y VYP  |7 0  |p 17A0422627  |o snkSC 115217 D1  |i snkKSP 4171/2004  |3 Poškodená väzba!  |0 0  |1 0  |4 0  |d 2004-03-19  |l 0  |r 2005-01-02 00:00:00  |w 2026-02-24